000 01169cam a2200349 i 4500
003 DO-SdBNP
005 20240904103801.0
007 ta
008 751003s2017 sp a 000 f spa d
020 _a9788484284888
040 _aDO-SdBNP
_bspa
_cBNPHU
_erda
082 _a823.6
_bA933ó
_222
100 1 _aAusten, Jane,
_d1775-1817
_938178
240 1 0 _aPride and prejudice
_lEspañol
245 1 0 _aOrgullo y prejuicio /
_cJane Austen ; traducción de Marta Salís ; ilustraciones Hugh Thomson
250 _a5a. edición
264 1 _aBarcelona, España
_bAlba editorial,
_c2017.
300 _a422 páginas
_c23 cm.
_bilustraciones
336 _2rdacontent
_atexto
_btxt
337 _2rdamedia
_asin mediación
_bn
338 _2rdacarrier
_avolumen
_bnc
490 1 _aAlba Maior
500 _aIncluye datos biográficos de la autora en la solapa de la portada.
534 _aPride And prejudice
590 _aInventariado, 2023/ YL
650 4 _aNovela inglesa
_91071
650 4 _aLiteratura inglesa
_9498
700 1 _aSalís, Marta
_etraducción
_942669
700 1 _aThomson, Hugh
_eilustraciones
_984340
910 _aYlockward
942 _2ddc
_cLBS1
999 _c55053
_d55053